|
|
|
|
| LEADER |
00000nam a2200000Ii 4500 |
| 001 |
DIGEDUV0217 |
| 003 |
NyNyDIG |
| 006 |
m o d |
| 007 |
cr ||||||||||| |
| 008 |
240902s2019 ag ob 000 0 spa d |
| 035 |
|
|
|a (OCoLC)1454786193
|
| 040 |
|
|
|a DGITA
|b eng
|e rda
|e pn
|c DGITA
|
| 020 |
|
|
|a 9789876996068
|q eBook
|
| 020 |
|
|
|z 9789876996013
|
| 041 |
1 |
|
|a spa
|h eng
|
| 050 |
1 |
4 |
|a PQ7797.B635 ebook
|
| 100 |
1 |
|
|a Balderston, Daniel,
|d 1952-
|e author.
|
| 240 |
1 |
0 |
|a Borges's frame of reference.
|l Spanish
|s (Paz Leston)
|
| 245 |
1 |
3 |
|a El precursor velado :
|b R.L. Stevenson en la obra de Borges /
|c Daniel Balderston ; traducción, Eduardo Paz Leston.
|
| 264 |
|
1 |
|a Villa María, Córdoba, Argentina :
|b Eduvim,
|c [2019]
|
| 300 |
|
|
|a 1 online resource.
|
| 336 |
|
|
|a text
|b txt
|2 rdacontent
|
| 337 |
|
|
|a computer
|b c
|2 rdamedia
|
| 338 |
|
|
|a online resource
|b cr
|2 rdacarrier
|
| 347 |
|
|
|a text file
|2 rdaft
|
| 347 |
|
|
|b EPUB
|
| 490 |
1 |
|
|a [Proyectos especiales]
|
| 500 |
|
|
|a Translation of the author's thesis (doctoral)--Princeton University, 1981.
|
| 504 |
|
|
|a Includes bibliographical references.
|
| 588 |
0 |
|
|a Online resource; title from ePub title page (Digitalia, viewed September 2, 2024)
|
| 600 |
1 |
0 |
|a Borges, Jorge Luis,
|d 1899-1986
|x Criticism and interpretation.
|
| 600 |
1 |
0 |
|a Borges, Jorge Luis,
|d 1899-1986.
|
| 600 |
1 |
0 |
|a Stevenson, Robert Louis,
|d 1850-1894
|x Influence.
|
| 700 |
1 |
|
|a Paz Leston, Eduardo,
|e translator.
|
| 700 |
1 |
|
|i Translation of:
|a Balderston, Daniel,
|d 1952-
|t Borges's frame of reference.
|
| 791 |
2 |
|
|a Digitalia (Firm),
|e distributor.
|
| 793 |
0 |
|
|g Digitalia eBook Collection:
|a Ediciones Eduvim
|
| 776 |
0 |
8 |
|i Print version:
|a Balderston, Daniel, 1952-
|s Borges's frame of reference. Spanish (Paz Leston).
|t Precursor velado.
|d Villa María, Córdoba, Argentina : Eduvim, [2019]
|z 9789876996013
|
| 830 |
|
0 |
|a Proyectos especiales (Villa María, Córdoba, Argentina)
|
| 856 |
4 |
0 |
|3 Digitalia Hispánica
|u https://www.digitaliapublishing.com/a/158209/
|
| 910 |
|
|
|a Premium collection: 2024
|